Manual de Comunicaciones : Radio y Televisión
Sábháilte in:
| Údar corparáideach: | |
|---|---|
| Formáid: | LEABHAR |
| Teanga: | Spáinnis |
| Foilsithe / Cruthaithe: |
Albatros.
c1970.
|
| Ábhair: | |
| Clibeanna: |
Cuir clib leis
Níl clibeanna ann, Bí ar an gcéad duine le clib a chur leis an taifead seo!
|
MARC
| LEADER | 00000nam a22000005a 4500 | ||
|---|---|---|---|
| 001 | 4121 | ||
| 003 | CL-ChBUA | ||
| 005 | 20120815102844.0 | ||
| 008 | 070301s1970 ag 000 0 spa | ||
| 040 | |a CL-ChBUA |c CL-ChBUA | ||
| 082 | 0 | 0 | |a 384 |
| 090 | |c 4121 |d 4121 | ||
| 110 | 2 | |a Asociación Norteamericana de Editores de Facultades de Agronomía. | |
| 245 | 1 | 0 | |a Manual de Comunicaciones : |b Radio y Televisión |
| 260 | |b Albatros. |c c1970. | ||
| 300 | |a 131 p.: il. |b 131 p.: il. |c 23 cm. | ||
| 504 | |a Indice. | ||
| 650 | 4 | |a COMUNICACION TEORIA DE LA. | |
| 942 | |c LIB | ||
| 952 | |0 0 |1 0 |4 0 |7 0 |9 6052 |a UNACH |b UNACH |c 300 |d 2007-03-05 |i 9.434. |l 4 |o 384 / As 387r. |p 7051 |r 2019-05-28 00:00:00 |s 2019-05-28 |u 6052 |w 2012-08-08 |y LIB |k 384 / As 387r. | ||
| 999 | |c 4121 |d 4121 | ||